000 00372nam a2200157Ia 4500
008 230917s9999||||xx |||||||||||||| ||und||
040 _e37414
_aMAIN
041 _aEnglish
082 _a657.48 M748F
100 _aMonga, J R
245 0 _aFinancial accounting
250 _a9th ed.
260 _aNoida
_bMayoor Paperbacks
_c1995
300 _aviii, 740 p.
942 _cBK
999 _c89715
_d89715